[Event "AUT-ch Zwisch Internet"]
[Site "Playchess.com INT"]
[Date "2020.05.02"]
[Round "8"]
[White "Baumegger, Siegfried"]
[Black "Morgunov, Daniel"]
[Result "1-0"]
[WhiteElo "2441"]
[BlackElo "2326"]
[PlyCount "71"]
[EventDate "2020.05.02"]
[EventType "swiss (blitz)"]
[EventRounds "13"]
[EventCountry "AUT"]
[SourceTitle "CBM 195 Extra"]
[Source "ChessBase"]
[SourceDate "2020.05.31"]
[SourceVersion "1"]
[SourceVersionDate "2020.05.31"]
[SourceQuality "1"]

1. e4 e5 2. Nf3 Nc6 3. Bb5 a6 4. Ba4 Nf6 5. d3 b5 6. Bb3 Be7 7. Nc3 d6 8. a3 0-0 9. Ne2 d5 10. exd5 Nxd5 11. Ng3 Be6 12. 0-0 Nd4 13. Nxd4 exd4 14. Qf3 c6 15. Bd2 Qd7 16. h3 Bd6 17. Ne4 Be7 18. Rfe1 h6 19. Re2 c5 20. Rae1 Rfc8 21. Ng3 Bf8 22. Nh5 c4 23. Ba2 Kh8 24. Re5 Ne7 25. Bxh6 Ng6 26. Rxe6 fxe6 27. Qg4 Qf7 28. Bg5 Qf5 29. Rxe6 Qxg4 30. hxg4 Kh7 31. f4 cxd3 32. cxd3 Rc1+ 33. Kh2 Bc5 34. Bd5 Rc8 35. Be4 b4 36. Rxg6 1-0

[Event "AUT-ch Zwisch Internet"]
[Site "Playchess.com INT"]
[Date "2020.05.02"]
[Round "7"]
[White "Morgunov, Daniel"]
[Black "Diermair, Andreas"]
[Result "1-0"]
[WhiteElo "2326"]
[BlackElo "2465"]
[PlyCount "53"]
[EventDate "2020.05.02"]
[EventType "swiss (blitz)"]
[EventRounds "13"]
[EventCountry "AUT"]
[SourceTitle "CBM 195 Extra"]
[Source "ChessBase"]
[SourceDate "2020.05.31"]
[SourceVersion "1"]
[SourceVersionDate "2020.05.31"]
[SourceQuality "1"]

1. e4 Nf6 2. e5 Nd5 3. d4 d6 4. Nf3 g6 5. c4 Nb6 6. Nc3 Bg7 7. exd6 cxd6 8. Be3 0-0 9. Rc1 Bg4 10. Be2 Nc6 11. b3 e5 12. d5 Bxf3 13. Bxf3 Nd4 14. Bxd4 exd4 15. Ne2 Re8 16. 0-0 Qf6 17. c5 dxc5 18. Rxc5 Nd7 19. Rc7 Ne5 20. Nxd4 Qb6 21. d6 Qxd4 22. d7 Qxd1 23. dxe8Q+ Rxe8 24. Bxd1 Nd3 25. Rxb7 Rd8 26. Be2 Nf4 27. Bc4 1-0

[Event "Vienna op"]
[Site "Vienna"]
[Date "2019.08.23"]
[Round "8"]
[White "Schwabeneder, Florian"]
[Black "Morgunov, Daniel"]
[Result "1/2-1/2"]
[WhiteElo "2404"]
[BlackElo "2329"]
[PlyCount "61"]
[EventDate "2019.08.17"]
[EventType "swiss"]
[EventRounds "9"]
[EventCountry "AUT"]
[SourceTitle "EXT 2020"]
[Source "ChessBase"]
[SourceDate "2019.10.17"]
[SourceVersion "1"]
[SourceVersionDate "2019.10.17"]
[SourceQuality "1"]

1. e4 c5 2. Nc3 a6 3. Nf3 d6 4. d4 cxd4 5. Nxd4 Nf6 6. Be2 e5 7. Nb3 Be7 8. Bg5 Be6 9. Bxf6 Bxf6 10. Qd3 0-0 11. Rd1 Be7 12. Nd5 Bxd5 13. Qxd5 Qc7 14. c3 Nd7 15. 0-0 Nf6 16. Qd3 Rfd8 17. Bf3 b5 18. Na1 Qa5 19. a3 Qa4 20. Qb1 Rac8 21. Rfe1 a5 22. Nc2 Qb3 23. Rd2 g6 24. Ne3 Qa4 25. g3 b4 26. cxb4 axb4 27. b3 Qa7 28. axb4 Qb6 29. Nc4 Qxb4 30. Qd1 Kg7 31. h4 1/2-1/2

[Event "Vienna op"]
[Site "Vienna"]
[Date "2019.08.18"]
[Round "3"]
[White "Morgunov, Daniel"]
[Black "Bakhmatsky, Vladislav"]
[Result "0-1"]
[WhiteElo "2329"]
[BlackElo "2442"]
[PlyCount "56"]
[EventDate "2019.08.17"]
[EventType "swiss"]
[EventRounds "9"]
[EventCountry "AUT"]
[SourceTitle "EXT 2020"]
[Source "ChessBase"]
[SourceDate "2019.10.17"]
[SourceVersion "1"]
[SourceVersionDate "2019.10.17"]
[SourceQuality "1"]

1. e4 c5 2. Nf3 d6 3. Bb5+ Nd7 4. 0-0 a6 5. Bd3 Ngf6 6. Re1 e6 7. c3 b5 8. Bc2 Bb7 9. d4 Be7 10. a4 Qb8 11. e5 Nd5 12. exd6 Bxd6 13. h3 c4 14. Nbd2 0-0 15. Ne4 Bf4 16. Bxf4 Nxf4 17. Qc1 f5 18. Ne5 Nxh3+ 19. gxh3 Nxe5 20. dxe5 fxe4 21. Bxe4 Bxe4 22. Rxe4 Qb7 23. Qe3 Rad8 24. axb5 Qxb5 25. Rd4 Rxd4 26. Qxd4 Qxb2 27. Rxa6 Qb1+ 28. Kg2 Qb7+ 0-1

[Event "EU-chT U18 "]
[Site "Pardubice"]
[Date "2019.07.15"]
[Round "5.3"]
[White "Morgunov, Daniel"]
[Black "Kevlishvili, Robby"]
[Result "1/2-1/2"]
[WhiteElo "2316"]
[BlackElo "2480"]
[PlyCount "93"]
[EventDate "2019.07.11"]
[EventType "team-swiss"]
[EventRounds "7"]
[EventCountry "CZE"]
[SourceTitle "CBM 191 Extra"]
[Source "ChessBase"]
[SourceDate "2019.09.30"]
[SourceVersion "1"]
[SourceVersionDate "2019.09.30"]
[SourceQuality "1"]
[WhiteTeam "Austria U18"]
[BlackTeam "Netherlands U18"]
[WhiteTeamCountry "AUT"]
[BlackTeamCountry "NED"]

1. e4 c5 2. Nf3 d6 3. Bb5+ Nd7 4. 0-0 Ngf6 5. Re1 a6 6. Bf1 b6 7. d4 cxd4 8. Nxd4 Bb7 9. f3 e6 10. c4 Be7 11. Nc3 0-0 12. Be3 Qc7 13. Qd2 Rac8 14. Rac1 Qb8 15. Qf2 Bd8 16. Kh1 Bc7 17. Red1 Rfe8 18. b3 Ne5 19. Nc2 Ned7 20. Nd4 Qa8 21. b4 d5 22. cxd5 exd5 23. exd5 Bxd5 24. Nf5 Be6 25. Nd6 Bxd6 26. Rxd6 Bc4 27. Na4 Bxf1 28. Rxf1 b5 29. Nc5 Nxc5 30. bxc5 Nd5 31. Bd4 Ne7 32. Qg3 Nf5 33. Qg5 Nxd4 34. Rxd4 h6 35. Qf5 Qc6 36. Rd5 Qe6 37. Qxe6 Rxe6 38. Rc1 Re2 39. a3 Re3 40. Kg1 Rxa3 41. c6 Re3 42. c7 Kf8 43. Rd8+ Re8 44. Rd6 Re7 45. Rd8+ Re8 46. Rd6 Re7 47. Rd8+ 1/2-1/2

[Event "AUT-ch U18"]
[Site "Sankt Veit an der Glan"]
[Date "2019.04.14"]
[Round "1"]
[White "Pellizzari, Sebastian"]
[Black "Morgunov, Daniel"]
[Result "0-1"]
[WhiteElo "1597"]
[BlackElo "2267"]
[PlyCount "62"]
[EventDate "2019.04.14"]
[EventType "swiss"]
[EventRounds "7"]
[EventCountry "AUT"]
[SourceTitle "CBM 190 Extra"]
[Source "ChessBase"]
[SourceDate "2019.07.15"]
[SourceVersion "1"]
[SourceVersionDate "2019.07.15"]
[SourceQuality "1"]

1. d4 Nf6 2. c4 e6 3. Nf3 Bb4+ 4. Nbd2 0-0 5. g3 d6 6. Bg2 Qe7 7. a3 Bxd2+ 8. Bxd2 e5 9. dxe5 dxe5 10. 0-0 Nc6 11. Bc3 Bf5 12. b4 Rfd8 13. Qc1 Nd4 14. Qb2 c5 15. Rfd1 b6 16. Rac1 Rac8 17. b5 Ne4 18. e3 Nxc3 19. Rxc3 Nxf3+ 20. Bxf3 e4 21. Be2 Rxd1+ 22. Bxd1 Rd8 23. Be2 Rd6 24. Rc2 Qd7 25. Qc1 g6 26. Qe1 h5 27. h4 Bg4 28. Bxg4 hxg4 29. Qe2 Rd1+ 30. Kh2 Qd3 31. Kg2 Kg7 0-1

[Event "AUT-chT2O 1819"]
[Site "Austria"]
[Date "2019.03.30"]
[Round "10.2"]
[White "Morgunov, Daniel"]
[Black "Benkoe, Markus"]
[Result "1/2-1/2"]
[WhiteElo "2328"]
[BlackElo "2000"]
[PlyCount "115"]
[EventDate "2018.10.06"]
[EventType "team-tourn"]
[EventRounds "11"]
[EventCountry "AUT"]
[SourceTitle "CBM 189 Extra"]
[Source "ChessBase"]
[SourceDate "2019.06.03"]
[SourceVersion "1"]
[SourceVersionDate "2019.06.03"]
[SourceQuality "1"]
[WhiteTeam "Tschaturanga"]
[BlackTeam "Oberwart DeLaVie"]
[WhiteTeamCountry "AUT"]
[BlackTeamCountry "AUT"]

1. e4 d6 2. d4 g6 3. Nc3 Nf6 4. Bg5 c6 5. f4 b5 6. Bd3 Qb6 7. Nf3 Bg4 8. e5 Nd5 9. exd6 e6 10. Nxd5 cxd5 11. Bf6 Rg8 12. c3 Bxd6 13. h3 Bf5 14. Be5 Be7 15. Bxb8 Rxb8 16. 0-0 Bd6 17. Ne5 Ke7 18. a3 f6 19. Bxf5 gxf5 20. Nd3 Rg3 21. Rf3 Rbg8 22. Rxg3 Rxg3 23. Kh2 Rg7 24. Qe2 Qb8 25. Re1 Qg8 26. Qf3 Kd7 27. g3 Re7 28. Qd1 Rg7 29. Re3 Qc8 30. Qe2 Re7 31. Kg2 Qc4 32. Qh5 Qc8 33. Qh4 Rf7 34. Kf3 Qg8 35. Kf2 Qb8 36. Qh5 Re7 37. Qe2 Qc8 38. Kf3 Qc4 39. g4 fxg4+ 40. hxg4 Qc8 41. Qe1 Qg8 42. b4 Qg6 43. Qe2 h5 44. Nc5+ Kc6 45. Qg2 Rg7 46. Nxe6 hxg4+ 47. Kg3 Rh7 48. Qe2 Rh3+ 49. Kg2 Qh5 50. Rxh3 Qxh3+ 51. Kg1 Qg3+ 52. Kh1 Bxf4 53. Nxf4 Qxf4 54. Qe6+ Kc7 55. Qe7+ Kc6 56. Qe6+ Kc7 57. Qe7+ Kc6 58. Qe6+ 1/2-1/2

[Event "AUT-chT2O 1819"]
[Site "Austria"]
[Date "2018.11.03"]
[Round "3.4"]
[White "Morgunov, Daniel"]
[Black "Belke, Frank"]
[Result "1/2-1/2"]
[WhiteElo "2328"]
[BlackElo "2300"]
[PlyCount "36"]
[EventDate "2018.10.06"]
[EventType "team-tourn"]
[EventRounds "11"]
[EventCountry "AUT"]
[SourceTitle "CBM 187 Extra"]
[Source "ChessBase"]
[SourceDate "2018.11.04"]
[SourceVersion "1"]
[SourceVersionDate "2018.11.04"]
[SourceQuality "1"]
[WhiteTeam "Tschaturanga"]
[BlackTeam "Hietzing"]
[WhiteTeamCountry "AUT"]
[BlackTeamCountry "AUT"]

1. e4 e6 2. Nc3 d5 3. Nf3 d4 4. Ne2 c5 5. c3 dxc3 6. Nxc3 Nf6 7. d4 Be7 8. Bb5+ Bd7 9. Qa4 cxd4 10. Nxd4 0-0 11. 0-0 a6 12. e5 Bxb5 13. Ndxb5 Nfd7 14. Rd1 Nc6 15. Nd6 Qc7 16. f4 b5 17. Qe4 Nc5 18. Qf3 Nb7 1/2-1/2

[Event "Wch U16"]
[Site "Porto Carras"]
[Date "2018.10.23"]
[Round "5"]
[White "Morgunov, Daniel"]
[Black "Vatsal, Singhania"]
[Result "1/2-1/2"]
[WhiteElo "2328"]
[BlackElo "2128"]
[PlyCount "95"]
[EventDate "2018.10.20"]
[EventType "swiss"]
[EventRounds "11"]
[EventCountry "GRE"]
[SourceTitle "CBM 187 Extra"]
[Source "ChessBase"]
[SourceDate "2018.11.04"]
[SourceVersion "1"]
[SourceVersionDate "2018.11.04"]
[SourceQuality "1"]

1. e4 c5 2. Nf3 d6 3. d4 cxd4 4. Nxd4 Nf6 5. Nc3 a6 6. g3 g6 7. Bg2 Bg7 8. 0-0 0-0 9. h3 Nc6 10. Be3 Bd7 11. f4 Rc8 12. Nb3 b5 13. a3 Qc7 14. Qe1 Be6 15. Nd5 Bxd5 16. exd5 Nb8 17. Nd4 Qb7 18. Rd1 Nxd5 19. Ne2 e6 20. Nc3 Rfe8 21. f5 Qe7 22. Bxd5 Bxc3 23. bxc3 exd5 24. Bd4 Qxe1 25. Rfxe1 Rxe1+ 26. Rxe1 gxf5 27. Rd1 Nd7 28. Rf1 Ne5 29. Rxf5 Kg7 30. g4 Rc4 31. Kg2 Ra4 32. g5 Rxa3 33. Rf6 Nc6 34. Rxd6+ Nxd4 35. cxd4 Rc3 36. Rxa6 Rxc2+ 37. Kg3 Rc4 38. Ra5 Rxd4 39. Rxb5 Kg6 40. h4 Kh5 41. Rb7 Rg4+ 42. Kf3 Rxh4 43. Rxf7 Kg6 44. Rd7 Rd4 45. Kg3 Rd1 46. Kf2 Rd3 47. Ke2 Rd4 48. Kf3 1/2-1/2

[Event "Wch U16"]
[Site "Porto Carras"]
[Date "2018.10.20"]
[Round "1"]
[White "Morgunov, Daniel"]
[Black "Hafstad, Leif"]
[Result "1-0"]
[WhiteElo "2328"]
[BlackElo "1928"]
[PlyCount "75"]
[EventDate "2018.10.20"]
[EventType "swiss"]
[EventRounds "11"]
[EventCountry "GRE"]
[SourceTitle "CBM 187 Extra"]
[Source "ChessBase"]
[SourceDate "2018.11.04"]
[SourceVersion "1"]
[SourceVersionDate "2018.11.04"]
[SourceQuality "1"]

1. e4 e6 2. d4 d5 3. Nd2 Nf6 4. e5 Nfd7 5. Bd3 c5 6. c3 Nc6 7. Ne2 cxd4 8. cxd4 f6 9. exf6 Nxf6 10. 0-0 Bd6 11. Nf3 Qc7 12. Bg5 0-0 13. Bh4 Nh5 14. Qc2 h6 15. Rfe1 Rxf3 16. gxf3 Bxh2+ 17. Kg2 Nf4+ 18. Nxf4 Qxf4 19. Bh7+ Kh8 20. Bg3 Bxg3 21. fxg3 Qxd4 22. Rad1 Qf6 23. Bg6 Bd7 24. Bh5 Rc8 25. Qd2 Ne5 26. Qe2 Nc4 27. b3 Nd6 28. Bg4 Nf5 29. Rc1 Re8 30. Bxf5 Qxf5 31. Qe5 Qxe5 32. Rxe5 Kg8 33. Kf2 Bc6 34. f4 Kf7 35. Ke3 Ke7 36. Kd4 Kd6 37. f5 exf5 38. Rxc6+ 1-0

[Event "Niederoesterreich Landesliga 1819"]
[Site "Austria"]
[Date "2018.09.30"]
[Round "1.1"]
[White "Morgunov, Daniel"]
[Black "Mikes, Jan"]
[Result "1/2-1/2"]
[WhiteElo "2328"]
[BlackElo "2307"]
[PlyCount "87"]
[EventDate "2018.09.30"]
[EventType "team-tourn"]
[EventRounds "11"]
[EventCountry "AUT"]
[SourceTitle "CBM 189 Extra"]
[Source "ChessBase"]
[SourceDate "2019.06.03"]
[SourceVersion "1"]
[SourceVersionDate "2019.06.03"]
[SourceQuality "1"]
[WhiteTeam "Kottingbrunn"]
[BlackTeam "Mistelbach/Altlichtenwarth"]
[WhiteTeamCountry "AUT"]
[BlackTeamCountry "AUT"]

1. e4 c5 2. Nf3 d6 3. Bb5+ Bd7 4. c4 Bxb5 5. cxb5 Nf6 6. Nc3 e6 7. 0-0 Be7 8. d4 cxd4 9. Nxd4 0-0 10. Qe2 Nbd7 11. Rd1 Rc8 12. h3 Qc7 13. Be3 Qb8 14. Rac1 Rfe8 15. f3 d5 16. exd5 exd5 17. Qf2 Qe5 18. Nde2 Nb6 19. Bd4 Qh5 20. Kh1 Bd6 21. Bxf6 gxf6 22. Rd4 Bc5 23. Qg3+ Kh8 24. Rh4 Qe5 25. Qg4 Qg5 26. Rd1 Rcd8 27. Nf4 Be3 28. Qh5 Qxh5 29. Nxh5 Bg5 30. Rhd4 Be3 31. R4d3 d4 32. Nxf6 Re6 33. Nfe4 Nc4 34. Re1 Rde8 35. Nd1 f5 36. Nc5 Re5 37. b3 Bf4 38. Rxe5 Rxe5 39. g3 Re1+ 40. Kg2 Ne3+ 41. Nxe3 Bxe3 42. h4 Re2+ 43. Kh3 h5 44. Rd1 1/2-1/2

[Event "AUT-ch"]
[Site "Vienna"]
[Date "2018.07.28"]
[Round "8"]
[White "Morgunov, Daniel"]
[Black "Schnider, Gert"]
[Result "0-1"]
[WhiteElo "2346"]
[BlackElo "2422"]
[PlyCount "76"]
[EventDate "2018.07.22"]
[EventType "swiss"]
[EventRounds "9"]
[EventCountry "AUT"]
[SourceTitle "CBM 185 Extra"]
[Source "ChessBase"]
[SourceDate "2018.07.29"]
[SourceVersion "1"]
[SourceVersionDate "2018.07.29"]
[SourceQuality "1"]

1. e4 e6 2. d4 d5 3. Nd2 c5 4. exd5 Qxd5 5. Ngf3 cxd4 6. Bc4 Qd6 7. 0-0 Nf6 8. Nb3 Nc6 9. Nbxd4 Nxd4 10. Nxd4 a6 11. a4 Qc7 12. Qe2 Bd6 13. h3 0-0 14. Rd1 h6 15. b3 e5 16. Nf3 e4 17. Nd2 Be5 18. Rb1 Bf5 19. Nf1 Rfe8 20. Ne3 Be6 21. Bxe6 Rxe6 22. c4 Rae8 23. Ba3 Bf4 24. Bb2 Bxe3 25. Qxe3 Nh5 26. Bc1 f5 27. Rd5 f4 28. Qe2 f3 29. Qe3 Rg6 30. g4 Nf6 31. Rd4 Qc8 32. Kf1 h5 33. gxh5 Rg1+ 34. Kxg1 Qxh3 35. Qg5 Ng4 36. Qxg4 Qxg4+ 37. Kf1 Qg2+ 38. Ke1 e3 0-1

[Event "AUT-ch"]
[Site "Vienna"]
[Date "2018.07.27"]
[Round "7"]
[White "Newrkla, Katharina"]
[Black "Morgunov, Daniel"]
[Result "0-1"]
[WhiteElo "2175"]
[BlackElo "2346"]
[PlyCount "106"]
[EventDate "2018.07.22"]
[EventType "swiss"]
[EventRounds "9"]
[EventCountry "AUT"]
[SourceTitle "CBM 185 Extra"]
[Source "ChessBase"]
[SourceDate "2018.07.29"]
[SourceVersion "1"]
[SourceVersionDate "2018.07.29"]
[SourceQuality "1"]

1. e4 c5 2. Nc3 d6 3. f4 g6 4. Nf3 Bg7 5. Bb5+ Bd7 6. Bc4 Nc6 7. d3 Nf6 8. 0-0 0-0 9. Qe1 Nd4 10. Nxd4 cxd4 11. Ne2 d5 12. exd5 Ba4 13. f5 Nxd5 14. Nf4 Nxf4 15. Bxf4 Rc8 16. Bg5 Rc7 17. fxg6 hxg6 18. Qf2 Qe8 19. Rae1 b5 20. Bb3 Bxb3 21. cxb3 e6 22. Rc1 Qd7 23. Rxc7 Qxc7 24. Rc1 Qe5 25. Bd2 Rd8 26. Qf3 Bf8 27. g3 Rd5 28. Rc8 Rc5 29. Qa8 Rxc8 30. Qxc8 Qc5 31. Qd8 Kh7 32. Qf6 Kg8 33. Qd8 Kg7 34. Bg5 e5 35. Qf6+ Kg8 36. b4 Qd6 37. Qxd6 Bxd6 38. Bf6 Kf8 39. Kf2 Ke8 40. g4 Kd7 41. Kf3 Ke6 42. g5 Be7 43. Bxe7 Kxe7 44. b3 Ke6 45. Kg4 Kd6 46. Kg3 a6 47. h3 e4 48. dxe4 Ke5 49. Kf3 d3 50. Ke3 d2 51. Kxd2 Kxe4 52. a4 Kf4 53. axb5 axb5 0-1

[Event "AUT-ch"]
[Site "Vienna"]
[Date "2018.07.26"]
[Round "6"]
[White "Morgunov, Daniel"]
[Black "Stanec, Nikolaus"]
[Result "0-1"]
[WhiteElo "2346"]
[BlackElo "2465"]
[PlyCount "116"]
[EventDate "2018.07.22"]
[EventType "swiss"]
[EventRounds "9"]
[EventCountry "AUT"]
[SourceTitle "CBM 185 Extra"]
[Source "ChessBase"]
[SourceDate "2018.07.29"]
[SourceVersion "1"]
[SourceVersionDate "2018.07.29"]
[SourceQuality "1"]

1. e4 g6 2. d4 Bg7 3. Nc3 d6 4. f4 Nc6 5. d5 Nb8 6. Be3 Nf6 7. Nf3 c6 8. dxc6 Nxc6 9. Bd3 0-0 10. 0-0 Ng4 11. Qe1 Nxe3 12. Qxe3 Bg4 13. Kh1 Bxf3 14. Rxf3 Rc8 15. Nd1 Nd4 16. Rf2 Qa5 17. Qd2 Qxd2 18. Rxd2 Ne6 19. g3 Nc5 20. c3 Nxd3 21. Rxd3 Rc4 22. Nf2 b5 23. a3 a5 24. Re3 Rd8 25. Rd1 b4 26. cxb4 axb4 27. axb4 Bd4 28. Re2 Bxf2 29. Rxf2 Rxe4 30. b5 f5 31. Ra1 Rb8 32. Ra5 Kf7 33. Rc2 Rb4 34. Ra7 R8xb5 35. Rcc7 Re4 36. Rab7 Re1+ 37. Kg2 Re2+ 38. Kf3 Rxb7 39. Rxb7 Rxh2 40. b4 Kf6 41. b5 Rb2 42. b6 Rb3+ 43. Kf2 h6 44. Rb8 Kf7 45. b7 g5 46. Kg2 gxf4 47. gxf4 h5 48. Kf2 h4 49. Kg2 h3+ 50. Kh2 Ke6 51. Kg1 Rb2 52. Kh1 h2 53. Rc8 Rxb7 54. Rc2 Rb8 55. Re2+ Kf6 56. Rb2 Rh8 57. Rd2 Rh4 58. Rd4 Kf7 0-1

[Event "EU-chT U18"]
[Site "Bad Blankenburg"]
[Date "2018.07.15"]
[Round "4.4"]
[White "Morgunov, Daniel"]
[Black "Roseneck, Jonas"]
[Result "1-0"]
[WhiteElo "2346"]
[BlackElo "2182"]
[PlyCount "85"]
[EventDate "2018.07.12"]
[EventType "team-swiss"]
[EventRounds "7"]
[EventCountry "GER"]
[SourceTitle "EXT 2019"]
[Source "ChessBase"]
[SourceDate "2018.10.10"]
[SourceVersion "1"]
[SourceVersionDate "2018.10.10"]
[SourceQuality "1"]
[WhiteTeam "Austria U18"]
[BlackTeam "Germany U18 II"]
[WhiteTeamCountry "AUT"]
[BlackTeamCountry "GER"]

1. e4 e5 2. Nf3 Nc6 3. Bb5 a6 4. Ba4 Nf6 5. 0-0 Be7 6. Re1 b5 7. Bb3 d6 8. c3 0-0 9. d4 exd4 10. cxd4 Bg4 11. Be3 d5 12. e5 Ne4 13. Nc3 Nxc3 14. bxc3 Na5 15. Bc2 Nc4 16. h3 Bh5 17. g4 Bg6 18. Bf5 a5 19. Qd3 Bxf5 20. gxf5 f6 21. e6 Qe8 22. Bf4 Bd6 23. Bg3 Qh5 24. Kg2 Rae8 25. Rab1 c6 26. Nh2 g6 27. Ng4 Kg7 28. Ne3 Bxg3 29. fxg3 Nxe3+ 30. Rxe3 gxf5 31. Rf1 Re7 32. Rxf5 Qg6 33. g4 Rd8 34. Qf1 Rd6 35. Qe2 Qe8 36. g5 Qg6 37. Rxf6 Qe8 38. Qg4 b4 39. cxb4 axb4 40. Qh4 Kg8 41. Qh6 Rd8 42. Ref3 Ra8 43. Rf7 1-0

[Event "Belgrade Summer IM-A 1st"]
[Site "Belgrade"]
[Date "2018.06.25"]
[Round "1"]
[White "Morgunov, Daniel"]
[Black "Eswaran, Ashritha"]
[Result "1-0"]
[WhiteElo "2346"]
[BlackElo "2150"]
[PlyCount "103"]
[EventDate "2018.06.25"]
[EventType "tourn"]
[EventRounds "9"]
[EventCountry "SRB"]
[EventCategory "2"]
[SourceTitle "CBM 185 Extra"]
[Source "ChessBase"]
[SourceDate "2018.07.29"]
[SourceVersion "1"]
[SourceVersionDate "2018.07.29"]
[SourceQuality "1"]

1. e4 c5 2. Nf3 d6 3. d3 Nf6 4. g3 g6 5. Bg2 Bg7 6. 0-0 0-0 7. c3 Nc6 8. Nbd2 e5 9. a4 h6 10. Rb1 Bg4 11. h3 Be6 12. b4 Qd7 13. Kh2 Nh7 14. Nc4 Rae8 15. Be3 b6 16. b5 Ne7 17. a5 bxa5 18. Nxa5 f5 19. exf5 gxf5 20. Nc6 Nd5 21. Bd2 e4 22. dxe4 fxe4 23. Nh4 Ng5 24. Ng6 Nf3+ 25. Bxf3 Rxf3 26. Ra1 Bxh3 27. Rxa7 Qg4 28. Bxh6 Qxg6 29. Rxg7+ Qxg7 30. Bxg7 Bxf1 31. Qxd5+ Kxg7 32. Qg5+ Kf8 33. Qh6+ Kf7 34. Qh5+ Kf8 35. Qh6+ Kf7 36. Qxd6 Rxf2+ 37. Kg1 e3 38. Ne5+ Kg8 39. Qg6+ Kf8 40. Qh6+ Kg8 41. Qg5+ Kf8 42. Qxe3 Rf5 43. Qh6+ Ke7 44. Nc6+ Kf7 45. Qh7+ Kf6 46. Qh6+ Kf7 47. Qh7+ Kf6 48. Qh6+ Kf7 49. g4 Rf3 50. Qh5+ Kf8 51. Qh8+ Kf7 52. Ne5+ 1-0

[Event "AUT-ch U16"]
[Site "St Veit"]
[Date "2018.03.28"]
[Round "6"]
[White "Pernerstorfer, Max"]
[Black "Morgunov, Daniel"]
[Result "0-1"]
[WhiteElo "1808"]
[BlackElo "2337"]
[PlyCount "132"]
[EventDate "2018.03.25"]
[EventType "swiss"]
[EventRounds "7"]
[EventCountry "AUT"]
[SourceTitle "EXT 2019"]
[Source "ChessBase"]
[SourceDate "2018.10.10"]
[SourceVersion "1"]
[SourceVersionDate "2018.10.10"]
[SourceQuality "1"]

1. e4 e5 2. Nf3 d6 3. d4 exd4 4. Nxd4 Nf6 5. Nc3 Be7 6. Bf4 0-0 7. Qd2 d5 8. exd5 Nxd5 9. Nxd5 Qxd5 10. Nb3 Qe4+ 11. Qe3 Qa4 12. Qd4 Qc6 13. 0-0-0 a5 14. Qc4 Qg6 15. Bd3 Bf5 16. Bxf5 Qxf5 17. g4 Qxg4 18. Rhg1 Qh5 19. Qc3 g6 20. Rd3 Nc6 21. Rh3 Qf5 22. Bh6 Bf6 23. Rf3 Bxc3 24. Rxf5 Bg7 25. Bxg7 Kxg7 26. Rf4 Rad8 27. Rd1 Rxd1+ 28. Kxd1 Rd8+ 29. Ke2 b6 30. c3 Ne5 31. Nd4 c5 32. Re4 Rd5 33. f4 Nc4 34. Ne6+ fxe6 35. Rxc4 Kf6 36. Ke3 Rh5 37. b4 cxb4 38. cxb4 Rxh2 39. bxa5 bxa5 40. Ra4 Rh5 41. Ke4 Rb5 42. Kf3 h5 43. Kg3 Kf5 44. Rc4 e5 45. fxe5 Rxe5 46. Rf4+ Kg5 47. Ra4 Kh6 48. Rc4 Kg5 49. Ra4 Kf6 50. Kf3 g5 51. Rc4 Kf5 52. Rc8 g4+ 53. Kg3 Re3+ 54. Kf2 Ra3 55. Rc2 h4 56. Rc5+ Kf6 57. Rc6+ Ke5 58. Rc2 h3 59. Kg1 g3 60. Kf1 Kf4 61. Rb2 Kf3 62. Kg1 Re3 63. Rb1 h2+ 64. Kh1 Kf2 65. a4 Re1+ 66. Rxe1 Kxe1 0-1

[Event "AUT-ch U16"]
[Site "St Veit"]
[Date "2018.03.25"]
[Round "2"]
[White "Schernthaner, David"]
[Black "Morgunov, Daniel"]
[Result "0-1"]
[WhiteElo "1937"]
[BlackElo "2337"]
[PlyCount "42"]
[EventDate "2018.03.25"]
[EventType "swiss"]
[EventRounds "7"]
[EventCountry "AUT"]
[SourceTitle "EXT 2019"]
[Source "ChessBase"]
[SourceDate "2018.10.10"]
[SourceVersion "1"]
[SourceVersionDate "2018.10.10"]
[SourceQuality "1"]

1. e4 c5 2. Nf3 d6 3. d4 cxd4 4. Nxd4 Nf6 5. Nc3 a6 6. Bg5 e6 7. f4 h6 8. Bh4 Qb6 9. Qd2 Qxb2 10. Rb1 Qa3 11. e5 dxe5 12. fxe5 Nd5 13. Nxd5 exd5 14. e6 Bc5 15. exf7+ Kxf7 16. Qf4+ Kg8 17. Bd3 Qc3+ 18. Kf1 Qxd4 19. Qc7 Nc6 20. Bxa6 Qxh4 21. g3 Bh3+ 0-1

[Event "Krakow op-A 28th"]
[Site "Krakow"]
[Date "2018.01.03"]
[Round "8"]
[White "Kucza, Karol"]
[Black "Morgunov, Daniel"]
[Result "1/2-1/2"]
[WhiteElo "2325"]
[BlackElo "2220"]
[PlyCount "49"]
[EventDate "2017.12.27"]
[EventType "swiss"]
[EventRounds "9"]
[EventCountry "POL"]
[SourceTitle "CBM 182 Extra"]
[Source "ChessBase"]
[SourceDate "2018.02.23"]
[SourceVersion "1"]
[SourceVersionDate "2018.02.23"]
[SourceQuality "1"]

1. e4 e5 2. Nf3 d6 3. d4 exd4 4. Nxd4 Nf6 5. Nc3 Be7 6. Bf4 0-0 7. Qd2 d5 8. Ndb5 c6 9. Nc7 Bb4 10. 0-0-0 Nxe4 11. Qd4 Bxc3 12. bxc3 Qe7 13. Kb2 g5 14. Nxa8 gxf4 15. f3 c5 16. Qxd5 Nf2 17. Bd3 Be6 18. Qh5 Nxd3+ 19. Rxd3 Nc6 20. Nc7 Qxc7 21. Qg5+ Kh8 22. Qf6+ Kg8 23. Qg5+ Kh8 24. Qf6+ Kg8 25. Qg5+ 1/2-1/2